000 00644nam a2200193 i 4500
001 133625
003 ES-MaACL
005 20230906194456.0
007 t|
008 070822s1961 sp ||||1| spa d
100 1 _aWood, Paul Hamilton.
_9117315
245 1 0 _aEnfermedades del corazón y de la circulación /
_cpor Paul Wood ; versión española M. Torner Soler.
260 _aBarcelona :
_bToray,
_c1961.
300 _aXLVI, 1041 p. :
_bil. ;
_c25 cm.
650 4 _aCorazón-
_xEnfermedades.
_9144728
650 1 4 _aAparato circulatorio-
_xEnfermedades.
_99905
700 1 _aTorner Soler, M.
_9110668
852 _aES-MaACL
_jB-4652
_bR.47828
999 _c133625
_d133625